Courants littéraires - auteurs - Statistiques

Statistiques générales
  • Ce quiz a été pris 344 fois
    335 depuis la dernière actualisation
  • Le résultat moyen est 8 sur 42
Statistiques - réponses
Hint Réponse % Correct
lumières Voltaire
66%
romantisme Victor Hugo
56%
naturalisme Emile Zola
53%
Rousseau
53%
Diderot
51%
classicisme Molière
51%
Ronsard
46%
humanisme Montaigne
39%
réalisme Balzac
38%
Flaubert
32%
Albert Camus
28%
Stendhal
28%
symbolisme Rimbaud
26%
Joachim Du Bellay
22%
Lamartine
22%
Verlaine
19%
André Breton
18%
absurde Eugène Ionesco
17%
Chateaubriand
16%
Jean de la Fontaine
16%
Jean Paul Sartre
16%
dadaïsme Louis Aragon
10%
surréalisme Louis Aragon
10%
nouveau roman Nathalie Sarraute
10%
Paul Eluard
10%
Samuel Beckett
10%
Mallarmé
9%
Alfred de Musset
8%
Rablet
6%
Madame de La Fayette
5%
Robert Desnos
4%
baroque Cyrano de Bergerac
3%
Parnasse Leconte DeLisle
3%
Michel Butor
3%
Théophile Gauthier
3%
Hérédia
2%
Louis Ferdinand Céline
2%
pléiade Maurice Scève
2%
Théophile de Viau
2%
Claude Simon
1%
Georges Perec
1%
Louise Labet
1%
Aucun quiz correspondant
Distribution des résultats
% des personnes avec chaque résultat
Percentile par nombre de réponses
Votre historique - résultats
Vous n’avez pas pris ce quiz depuis la dernière actualisation